Financial derivatives : (Record no. 67414)

MARC details
000 -LEADER
fixed length control field 00606nam a22001577a 4500
005 - DATE AND TIME OF LATEST TRANSACTION
control field 20120601144545.0
020 ## - INTERNATIONAL STANDARD BOOK NUMBER
International Standard Book Number 8120313704
Terms of availability 150.00
035 ## - SYSTEM CONTROL NUMBER
System control number A-950999
037 ## - SOURCE OF ACQUISITION
Stock number DPL
Source of stock number/acquisition ENG
100 ## - MAIN ENTRY--PERSONAL NAME
Personal name Redhead, Keith
245 ## - TITLE STATEMENT
Title Financial derivatives :
Remainder of title An introduction to futures, forwards, options and swaps /
Statement of responsibility, etc by Keith Redhead
260 ## - PUBLICATION, DISTRIBUTION, ETC. (IMPRINT)
Place of publication, distribution, etc New Delhi
Name of publisher, distributor, etc Prentice-Hall of India
Date of publication, distribution, etc 1998
300 ## - PHYSICAL DESCRIPTION
Extent xiv, 377p.
Dimensions 22 cms.
942 ## - ADDED ENTRY ELEMENTS (KOHA)
Source of classification or shelving scheme Dewey Decimal Classification
Item type English Books
Classification part 332.632
Call number suffix RED
Holdings
Withdrawn status Lost status Not for loan Collection code Home library Current library Date acquired Cost, normal purchase price Full call number Barcode Cost, replacement price Koha item type
      Non-fiction Sarojini Nagar Sarojini Nagar 01/06/2012 150.00 332.632 RED A-950999 150.00 English Books

© Delhi Public Library
Hit Counter
free hit counter